00684nam a2200229 a 450000100060000000300090000600800410001502000150005604000280007109000090009910000170010824500880012526000290021330000170024250000350025965000290029465000310032370000320035470000390038694200120042599900170043724656CO-ViMGA141112s2004 ck r 000 u spa d a9681662326 aCO-ViMGAbspacCO-ViMGA aHEIy1 aHeitz, Bruno10aYoyo sin miedo / cBruno Heitz ; ilus. de Manuel Monroy ; trad. Diana Luz Sánchez aMéxico : bFCE, c2000 a33 p. 19 cm. aTraduccion de : Jojo sans peur14aCuentos infantiles9274314aLiteratura infantil 927461 aMonroy, Manuel, il. 9367431 aSánchez, Diana Luz; trad.936744 2ddccBK c32468d32468